| 000 | 00472nam a2200169Ia 4500 | ||
|---|---|---|---|
| 003 | GCL | ||
| 008 | 140319s9999 xx 000 0 eng d | ||
| 040 |
_aGCL / _cGCL |
||
| 082 | 0 | 4 |
_a946.02 _bC A |
| 100 | 1 | _aCOLLINS, ROGER | |
| 245 | 1 | 0 |
_aTHE ARAB CONQUEST OF SPAIN: 710-797 / _cCOLLINS, ROGER |
| 260 |
_a[S.N] : _bBasil Block Well Ltd ، _c1989 |
||
| 300 | _a230 P | ||
| 650 | 0 | 4 | _aSPAIN - HISTORY AND CRITICISM |
| 650 | 0 | 4 | _aARAB COUNTRIES - HISTORY |
| 942 |
_2ddc _cBK |
||
| 999 |
_c23566 _d23566 |
||